15 Seconds - Demonym of Every Country - Statistics

General Stats
  • This quiz has been taken 17 times
  • The average score is 7 of 195
Answer Stats
Country Demonym % Correct
Albania Albanian
85%
Andorra Andorran
62%
Austria Austrian
54%
Belarus Belarusian
46%
Belgium Belgian
46%
Bosnia and Herzegovina Bosnian / Herzegovinian
38%
Bulgaria Bulgarian
31%
United States American
23%
Croatia Croatian
23%
Czech Republic Czech
23%
Afghanistan Afghan
15%
United Kingdom British
15%
Denmark Danish
15%
Fiji Fijian
15%
France French
15%
Germany German
15%
Armenia Armenian
8%
Australia Australian
8%
Bahrain Bahraini
8%
Canada Canadian
8%
China Chinese
8%
Azerbaijan Azerbaijani / Azeri
8%
Iran Iranian / Irani / Persian
8%
Lesotho Mosotho / Basotho
8%
New Zealand New Zealander / Kiwi
8%
Estonia Estonian
8%
Finland Finnish
8%
Greece Greek
8%
India Indian
8%
Indonesia Indonesian
8%
Japan Japanese
8%
Mexico Mexican
8%
Pakistan Pakistani
8%
Russia Russian
8%
South Africa South African
8%
Spain Spanish
8%
Tonga Tongan
8%
Algeria Algerian
0%
Angola Angolan
0%
Bahamas Bahamian
0%
Bangladesh Bangladeshi
0%
Belize Belizean
0%
Bhutan Bhutanese
0%
Guinea-Bissau Bissau-Guinean
0%
Bolivia Bolivian
0%
Brazil Brazilian
0%
Brunei Bruneian
0%
Burundi Burundian
0%
Cambodia Cambodian
0%
Cameroon Cameroonian
0%
Central African Republic Central African
0%
Chad Chadian
0%
Chile Chilean
0%
Colombia Colombian
0%
Comoros Comorian
0%
D. R. Congo | Rep. of the Congo Congolese
0%
Costa Rica Costa Rican
0%
Cuba Cuban
0%
Cyprus Cypriot
0%
Antigua and Barbuda Antiguan / Barbudan
0%
Argentina Argentine / Argentinian
0%
Barbados Barbadian / Bajan
0%
Benin Beninese / Beninois
0%
Burkina Faso Burkinabe / Burkinese
0%
Cape Verde Cape Verdean / Cabo Verdean
0%
Kiribati I-Kiribati / Gilbertese
0%
St. Kitts and Nevis Kittitian / Nevisian
0%
Kosovo Kosovar / Kosovan
0%
Eswatini Liswati / Emaswati
0%
Botswana MoTswana / BaTswana
0%
Myanmar Myanma / Burmese
0%
Nepal Nepalese / Nepali
0%
Vanuatu Ni-Vanuatu / Vanuatuan
0%
Papua New Guinea Papua New Guinean / Papuan
0%
São Tomé and Príncipe São Toméan / Santomean
0%
Saudi Arabia Saudi / Saudi Arabian
0%
Seychelles Seychellois
0%
Somalia Somali / Somalian
0%
Trinidad and Tobago Trinidadian / Tobagonian
0%
Djibouti Djiboutian
0%
Dominican Republic | Dominica Dominican
0%
Netherlands Dutch
0%
East Timor East Timorese
0%
Ecuador Ecuadorian
0%
Egypt Egyptian
0%
United Arab Emirates Emirati
0%
Equatorial Guinea Equatoguinean
0%
Eritrea Eritrean
0%
Ethiopia Ethiopian
0%
Philippines Filipino
0%
Gabon Gabonese
0%
Gambia Gambian
0%
Georgia Georgian
0%
Ghana Ghanaian
0%
Grenada Grenadian
0%
Guatemala Guatemalan
0%
Guinea Guinean
0%
Guyana Guyanese
0%
Haiti Haitian
0%
Honduras Honduran
0%
Hungary Hungarian
0%
Iceland Icelandic
0%
Iraq Iraqi
0%
Ireland Irish
0%
Israel Israeli
0%
Italy Italian
0%
Ivory Coast Ivorian
0%
Jamaica Jamaican
0%
Jordan Jordanian
0%
Kazakhstan Kazakh
0%
Kenya Kenyan
0%
Kuwait Kuwaiti
0%
Kyrgyzstan Kyrgyz
0%
Laos Laotian
0%
Latvia Latvian
0%
Lebanon Lebanese
0%
Liberia Liberian
0%
Libya Libyan
0%
Liechtenstein Liechtensteiner
0%
Lithuania Lithuanian
0%
Luxembourg Luxembourger
0%
North Macedonia Macedonian
0%
Madagascar Malagasy
0%
Malawi Malawian
0%
Malaysia Malaysian
0%
Maldives Maldivian
0%
Mali Malian
0%
Malta Maltese
0%
Marshall Islands Marshallese
0%
Mauritania Mauritanian
0%
Mauritius Mauritian
0%
F. S. Micronesia Micronesian
0%
Moldova Moldovan
0%
Monaco Monégasque
0%
Mongolia Mongolian
0%
Montenegro Montenegrin
0%
Morocco Moroccan
0%
Mozambique Mozambican
0%
Namibia Namibian
0%
Nauru Nauruan
0%
Nicaragua Nicaraguan
0%
Nigeria Nigerian
0%
Niger Nigerien
0%
North Korea North Korean
0%
Norway Norwegian
0%
Oman Omani
0%
Palau Palauan
0%
Panama Panamanian
0%
Paraguay Paraguayan
0%
Peru Peruvian
0%
Poland Polish
0%
Portugal Portuguese
0%
Qatar Qatari
0%
Romania Romanian
0%
Rwanda Rwandan
0%
El Salvador Salvadoran
0%
San Marino Sammarinese
0%
Samoa Samoan
0%
Senegal Senegalese
0%
Serbia Serbian
0%
Sierra Leone Sierra Leonean
0%
Singapore Singaporean
0%
Slovakia Slovakian
0%
Slovenia Slovenian
0%
Solomon Islands Solomon Islander
0%
South Korea South Korean
0%
South Sudan South Sudanese
0%
Sri Lanka Sri Lankan
0%
St. Lucia St. Lucian
0%
St. Vincent and the Grenadines St. Vincentian
0%
Sudan Sudanese
0%
Suriname Surinamese
0%
Sweden Swedish
0%
Switzerland Swiss
0%
Syria Syrian
0%
Taiwan Taiwanese
0%
Tajikistan Tajik
0%
Tanzania Tanzanian
0%
Thailand Thai
0%
Togo Togolese
0%
Tunisia Tunisian
0%
Turkey Turkish
0%
Turkmenistan Turkmen
0%
Tuvalu Tuvaluan
0%
Uganda Ugandan
0%
Ukraine Ukrainian
0%
Uruguay Uruguayan
0%
Uzbekistan Uzbek
0%
Venezuela Venezuelan
0%
Vietnam Vietnamese
0%
Yemen Yemeni
0%
Zambia Zambian
0%
Zimbabwe Zimbabwean
0%
No matching quizzes found
Score Distribution
Percent of People with Each Score
Percentile by Number Answered
Your Score History
You have not taken this quiz